00440nam a2200145 a 450000500170000000800410001702000150005805000230007310000160009624500670011226000500017930000210022952100080025065000360025820140310183314.0051020s19uu xx 00 eng d a8174730338 aRJ 496b.L487 1995 aLees, Janet aChildren with language disorders /cJanet Lees, Shelagh Urwin. aNew Delhi, India :bLaxman Chand Arya,c1995. a236 p. :c26 cm. aEDU aLanguage disorder in children.